| 000 | 00430nam a2200169Ia 4500 | ||
|---|---|---|---|
| 003 | GCL | ||
| 008 | 140319s9999 xx 000 0 eng d | ||
| 040 |
_aGCL / _cGCL |
||
| 082 | 0 | 4 |
_a932.01 _bS C |
| 100 | 1 | _aSCARRE, CHRIS | |
| 245 | 1 | 0 |
_aCHRONICH OF THE ROMAN EMPERORS / _cSCARRE, CHRIS |
| 260 |
_a[S.N] : _bTHAMES AND HUDSON ، _c1995 |
||
| 300 | _a240 P | ||
| 650 | 0 | 4 | _aHISTORY |
| 650 | 0 | 4 | _aROMAN EMPERORS |
| 942 |
_2ddc _cBK |
||
| 999 |
_c10290 _d10290 |
||